Eurovision Song Contest 2026 - Statistics

General Stats
  • This quiz has been taken 165 times
    99 since last reset
  • The average score is 53 of 68
Answer Stats
Country Artist Artist reveal date Song reveal Date % Correct
Cyprus Jalla TBA TBD
97%
Belgium Dancing on the Ice
96%
Greece Ferto
96%
Luxembourg Mother Nature
96%
Bulgaria Bangaranga
93%
Malta Bella
93%
Moldova Viva, Moldova!
93%
Norway Ya Ya Ya
93%
Germany Fire
90%
United Kingdom LOOK MUM NO COMPUTER February 17th, 2026 March 6th, 2026
90%
Romania Choke Me
89%
Sweden My System
89%
Australia Eclipse
88%
United Kingdom Eins Zwei Drei
88%
Georgia On Replay
88%
San Marino Superstar
88%
Estonia Too Epic to be True
88%
Sweden Felicia March 7th, 2026 March 7th, 2026
86%
France Regarde!
86%
Croatia Andromeda
85%
Cyprus Antigoni November 6th, 2025 February 8th, 2026
85%
Albania Nan
85%
Poland Pray
85%
Portugal Rosa
85%
Greece Akylas February 15th, 2026 February 15th, 2026
84%
Switzerland Alice
84%
Bulgaria Dara January 31st, 2026 February 28th, 2026
84%
Azerbaijan Just Go
84%
Montenegro Nova zora
84%
Moldova Satoshi January 17th, 2026 January 17th, 2026
84%
Estonia Vanilla Ninja February 14th, 2026 February 14th, 2026
84%
Malta Aidan January 17th, 2026 January 17th, 2026
82%
Austria Cosmó February 20th, 2026 February 20th, 2026
82%
Czechia Crossroads
82%
Croatia LELEK February 15th, 2026 February 15th, 2026
82%
Austria Tanzschein
82%
Serbia Kraj mene
81%
Latvia Ena
79%
Ukraine Leleka February 7th, 2026 February 7th, 2026
78%
Lithuania Solo Quiero Mas
78%
Armenia Paloma Rumba
77%
San Marino Senhit March 6th, 2026 March 6th, 2026
77%
Albania Alis December 20th, 2025 December 20th, 2025
75%
Belgium Essyla Feburary 19th, 2026 February 19th, 2026
74%
France Monroe March 6th, 2026 March 6th, 2026
74%
Ukraine Ridnym
74%
Germany Sarah Engels February 28th, 2026 February 28th, 2026
74%
Georgia Bzikebi January 14th, 2026 March 11th, 2026
73%
Australia Delta Goodrem March 1st, 2026 March 1st, 2026
73%
Italy Per sempre si
73%
Armenia Simon March 11th, 2026 March 11th, 2026
73%
Luxembourg Eva Marija January 24th, 2026 January 24th, 2026
71%
Azerbaijan Jiva March 6th, 2026 March 9th, 2026
71%
Norway Jonas Lovv February 28th, 2026 February 28th, 2026
68%
Serbia Lavina February 28th, 2026 February 28th, 2026
68%
Switzerland Veronica Fusaro January 20th, 2026 March 11th, 2026
68%
Denmark Før vi går hjem
67%
Poland Alicja March 8th, 2026 March 8th, 2026
66%
Italy Sal Da Vinci March 1st, 2026 March 1st, 2026
66%
Finland Liekinheitin
64%
Romania Alexandra Cǎpitǎnescu March 4th, 2026 March 4th, 2026
62%
Denmark Søren Torpegaard Lund February 14th, 2026 February 14th, 2026
62%
Latvia Atvara February 14th, 2026 February 14th, 2026
60%
Lithuania Lion Ceccah February 27th, 2026 February 27th, 2026
58%
Czechia Daniel Žižka March 8th, 2026 March 11th, 2026
55%
Montenegro Tamara Zivkovic December 21st, 2025 December 21st, 2025
55%
Portugal Bandidos do Cante March 7th, 2026 March 7th, 2026
52%
Finland Linda Lampenius and Pete Parkkonen February 28th, 2026 February 28th, 2026
36%
No matching quizzes found
Score Distribution
Percent of People with Each Score
Percentile by Number Answered
Your Score History
You have not taken this quiz since the last reset